| 000 | 00646nam a22001937a 4500 | ||
|---|---|---|---|
| 008 | 160527b xxu||||| |||| 00| 0 eng d | ||
| 020 | _a9710860895 | ||
| 082 |
_22000 _aDFil 621.381 _bF15 |
||
| 100 |
_99357 _aFaina, Juanito S. |
||
| 245 |
_aPractical electronics projects and trouble shooting/ _cJuanito S. Faina |
||
| 250 | _aThird Edition | ||
| 260 |
_aMandaluyong City: _bNational Book Store, _cc2000. |
||
| 300 |
_axviii, 151 pages: _billustrations; _c25.5 cm. |
||
| 500 | _aInclude index. | ||
| 650 | 0 |
_99361 _aPractical electronics |
|
| 650 | 0 |
_99362 _aElectronics _vProjects _xTrouble shooting |
|
| 365 |
_b185.00 _cPhp. |
||
| 942 |
_2ddc _cDFIL |
||
| 999 |
_c2821 _d2821 |
||